Statystyki dla League of Legends - Ionia

Kliknij tutaj aby rozwiązać quiz!

Ogólne statystyki

  • Ten quiz został rozwiązany 551 razy
  • Średni wynik to 11 z 18

Statystyki odpowiedzi

Odpowiedź% Poprawnych
Irelia
87%
Yasuo
87%
Akali
82%
Zed
82%
Shen
80%
Kennen
79%
Karma
74%
Ahri
61%
Master Yi
57%
Rakan
56%
Xayah
56%
Lee Sin
55%
Kayn
53%
Wukong
46%
Jhin
44%
Ivern
38%
Syndra
31%
Varus
28%

Rozkład punktacji

Percentyl według liczby udzielonych odpowiedzi

Procent ludzi z każdym wynikiem

Twoja historia wyników

Nie rozwiązałeś tego quizu